| 000 | 00512nam a2200205 4500 | ||
|---|---|---|---|
| 001 | 2670120 | ||
| 005 | 20180223071737.0 | ||
| 008 | 740703s1974 ohua 001 0 eng | ||
| 010 | _a 73081097 | ||
| 020 | _a0538089008 | ||
| 040 |
_aDLC _cDLC _dDLC |
||
| 041 | _aeng | ||
| 080 | _a330 elb | ||
| 082 | 0 | 0 | _a330 elb |
| 100 | 1 | _a52 | |
| 101 | _aeco | ||
| 245 | 1 | 0 |
_aEconomics: the science of common sense _c[by] Elbert V. Bowden. |
| 906 |
_a7 _bcbc _corignew _d2 _eopcn _f19 _gy-gencatlg |
||
| 942 |
_2ddc _cBK |
||
| 999 |
_c43248 _d43248 |
||